| 000 | nam a22 7a 4500 | ||
|---|---|---|---|
| 999 |
_c30523 _d30523 |
||
| 008 | 190716b xxu||||| |||| 00| 0 eng d | ||
| 040 | _amksu | ||
| 050 | _aRA 441 | ||
| 110 | _aRoyal Society of Tropical Medicine and Hygiene. | ||
| 245 |
_aInternational health / _cRoyal Society of Tropical Medicine and Hygiene. |
||
| 260 |
_aLondon,UK : _bOxford University Press, _c2019. |
||
| 300 |
_avols.: _bill.(col.); _c28cm. |
||
| 440 |
_x18763413 _n3 _v11 |
||
| 504 | _ainclude bibliographic reference. | ||
| 650 |
_aWorld health _vPeriodicals. |
||
| 650 | _a Delivery of Health Care. | ||
| 650 | _aDeveloping Countries. | ||
| 942 |
_2lcc _cPERIODICAL _hRA 441 |
||